|
|
|
|
| LEADER |
00834nab a2200241 i 4500 |
| 001 |
misc64327 |
| 005 |
20240917142015.0 |
| 008 |
240301s1950 hu o 000 ger d |
| 040 |
|
|
|a SZTE Miscellanea Repozitórium
|b hun
|
| 041 |
|
|
|a ger
|
| 041 |
|
|
|a tut
|
| 100 |
1 |
|
|a Ramstedt Gustaf John
|
| 245 |
1 |
4 |
|a Das deverbale Nomen auf -m in den altaischen Sprachen
|h [elektronikus dokumentum] /
|c Ramstedt Gustaf John
|
| 260 |
|
|
|a Suomalais-Ugrilaisen Seura
|b Helsinki
|c 1950
|
| 300 |
|
|
|a 255-264
|c 25 cm
|
| 300 |
|
|
|a [10] p.
|c 25 cm
|
| 490 |
0 |
|
|a Mémoires de la Société Finno-Ougrienne
|
| 561 |
|
|
|a Németh Gyula hagyaték
|
| 591 |
|
|
|a NOA 4754
|
| 650 |
|
4 |
|a Bölcsészettudományok
|
| 650 |
|
4 |
|a Nyelvek és irodalom
|
| 695 |
|
|
|a Altaji nyelvek - főnév
|
| 856 |
4 |
0 |
|u http://misc.bibl.u-szeged.hu/64327/1/4754_noa.pdf
|z Dokumentum-elérés
|